Statistics for Name a Country for Each Alphabetical Group

Click here to take the quiz!

General Stats

  • This quiz has been taken 993 times
  • The average score is 12 of 20

Answer Stats

GroupLimitsCountry% Correct
1-10Afghanistan - Austria
100%
11-20Azerbaijan - Belize
85%
21-30Brunei - Cameroon
72%
41-50Cuba - Ecuador
67%
31-40Canada - Comoros
65%
51-60Egypt - Finland
65%
61-70Gabon - Guinea
65%
191-196Vatican - Zimbabwe
63%
71-80Guinea Bissau - Iraq
63%
81-90Ivory Coast - Kiribati
62%
90-100Kosovo - Liechtenstein
60%
101-110Lithuania - Mauritania
58%
111-120Mauritius - Namibia
56%
131-140Oman - Portugal
56%
121-130Nauru - Norway
55%
141-150Qatar - San Marino
55%
181-190Turkmenistan - Vanuatu
54%
171-180Taiwan - Turkey
52%
161-170Somalia - Switzerland
49%
151-160Sao Tome - Solomon
46%

Score Distribution

Percentile by Number Answered

Percent of People with Each Score

Your Score History

You have not taken this quiz